[Event "Canadian op U1400"]
[Site "Sault Ste Marie"]
[Date "2017.07.14"]
[Round "7"]
[White "Zhao, Eric"]
[Black "Paquin, Jeremy"]
[Result "1/2-1/2"]
[WhiteElo "928"]
[BlackElo "1184"]
[PlyCount "35"]
[EventDate "2017.07.11"]
[EventType "swiss"]
[EventRounds "9"]
[EventCountry "CAN"]
[SourceTitle "EXT 2022"]
[Source "ChessBase"]
[SourceDate "2021.10.06"]
[SourceVersion "1"]
[SourceVersionDate "2021.10.06"]
[SourceQuality "1"]

1. d4 d5 2. c4 c6 3. Nc3 Nf6 4. Nf3 a6 5. a4 e6 6. Bg5 Nbd7 7. e3 Bb4 8. Be2 0-0 9. 0-0 dxc4 10. Bxc4 b5 11. axb5 cxb5 12. Bxb5 Bb7 13. Bd3 h6 14. Bh4 Be7 15. Qe2 Qb6 16. Rfd1 Bxf3 17. gxf3 a5 18. Kh1 1/2-1/2

[Event "Canadian op U1400"]
[Site "Sault Ste Marie"]
[Date "2017.07.12"]
[Round "4"]
[White "Qiu, James"]
[Black "Zhao, Eric"]
[Result "1/2-1/2"]
[WhiteElo "1152"]
[BlackElo "928"]
[PlyCount "107"]
[EventDate "2017.07.11"]
[EventType "swiss"]
[EventRounds "9"]
[EventCountry "CAN"]
[SourceTitle "EXT 2022"]
[Source "ChessBase"]
[SourceDate "2021.10.06"]
[SourceVersion "1"]
[SourceVersionDate "2021.10.06"]
[SourceQuality "1"]

1. e4 c5 2. Nf3 Nc6 3. d4 cxd4 4. Nxd4 Nf6 5. Nc3 a6 6. Bg5 d6 7. Bc4 e6 8. 0-0 Be7 9. Be3 e5 10. Nf3 b5 11. Bd5 Bb7 12. Ng5 0-0 13. Qf3 Nxd5 14. exd5 Nd4 15. Qg4 Nxc2 16. Nxh7 Nxe3 17. fxe3 Kxh7 18. Qh5+ Kg8 19. Rf3 Bg5 20. Rg3 f6 21. h4 Bh6 22. Qxh6 Rf7 23. Rf1 Kf8 24. Qg6 Qe7 25. Qh7 Ke8 26. Qh5 Kd7 27. Qf5+ Kc7 28. Rc1 Kb6 29. Qf2 Ka7 30. e4+ Kb8 31. Qb6 Qc7 32. Qe3 Qc5 33. Kh1 Qxe3 34. Rxe3 Ka7 35. Rh3 Rc8 36. h5 b4 37. Ne2 a5 38. g4 Rxc1+ 39. Nxc1 Rc7 40. Nd3 Ba6 41. Ne1 Rc1 42. Re3 Bc8 43. Kh2 Bxg4 44. Rg3 Bxh5 45. Rxg7+ Kb6 46. Nd3 Rd1 47. Rg3 Ra1 48. Rh3 Bg4 49. Rh6 Kc7 50. Rxf6 Rxa2 51. Rf7+ Bd7 52. Kg3 Ra1 53. Kf2 Rh1 54. Ke2 1/2-1/2

[Event "CAN-ch U16"]
[Site "Sault Ste Marie"]
[Date "2017.07.07"]
[Round "3.23"]
[White "Rashid, Kaden"]
[Black "Zhao, Eric"]
[Result "1-0"]
[WhiteElo "987"]
[BlackElo "928"]
[PlyCount "99"]
[EventDate "2017.07.06"]
[EventType "swiss"]
[EventRounds "7"]
[EventCountry "CAN"]
[SourceTitle "EXT 2022"]
[Source "ChessBase"]
[SourceDate "2021.10.06"]
[SourceVersion "1"]
[SourceVersionDate "2021.10.06"]
[SourceQuality "1"]

1. e4 c5 2. Nf3 d6 3. d4 cxd4 4. Nxd4 Nf6 5. Nc3 a6 6. Be3 e6 7. f3 Be7 8. Qd2 Nc6 9. 0-0-0 h6 10. g4 g5 11. Be2 Nxd4 12. Bxd4 e5 13. Be3 Rf8 14. h4 Nd7 15. hxg5 hxg5 16. Nd5 b5 17. Rh2 Bb7 18. Nxe7 Qxe7 19. Qxd6 Qxd6 20. Rxd6 Ke7 21. Rdh6 Rac8 22. R2h5 f6 23. Rh7+ Ke6 24. R7h6 Ke7 25. b3 Rc7 26. Kb2 Rfc8 27. Bd3 Nf8 28. b4 Nd7 29. Kb3 Rc6 30. Rh7+ Kd8 31. Rh8+ Ke7 32. Rxc8 Bxc8 33. c4 bxc4+ 34. Bxc4 Nf8 35. Bc5+ Kd7 36. Bxf8 Kc7 37. Rh7+ Bd7 38. Bd5 Rc1 39. Be6 Rd1 40. Rxd7+ Rxd7 41. Bxd7 Kxd7 42. Ka4 Kc6 43. Bg7 Kd7 44. Bxf6 Ke8 45. Ka5 Kd7 46. Kxa6 Kc6 47. b5+ Kd7 48. b6 Kc8 49. b7+ Kb8 50. Bxe5# 1-0

[Event "CAN-ch U16"]
[Site "Sault Ste Marie"]
[Date "2017.07.06"]
[Round "1.22"]
[White "Wu, Chenxi"]
[Black "Zhao, Eric"]
[Result "1-0"]
[WhiteElo "1904"]
[BlackElo "928"]
[PlyCount "25"]
[EventDate "2017.07.06"]
[EventType "swiss"]
[EventRounds "7"]
[EventCountry "CAN"]
[SourceTitle "EXT 2022"]
[Source "ChessBase"]
[SourceDate "2021.10.06"]
[SourceVersion "1"]
[SourceVersionDate "2021.10.06"]
[SourceQuality "1"]

1. e4 c5 2. Nf3 d6 3. d4 cxd4 4. Nxd4 Nf6 5. Nc3 a6 6. Rg1 e6 7. g4 h6 8. h4 Be7 9. g5 hxg5 10. hxg5 Ng8 11. g6 f5 12. exf5 exf5 13. Bc4 1-0